000
00204 a2200097 4500
001
6025
100
_a
Rodda, S
245
_a
Photo-electric multipliers.
260
_a
_b
Macdonald
_c
090
_c
4928
_d
4928
942
_a
NUST-CAE
_c
M
_c
31298
999
_c
241098
_d
241098